| 000 | 00359nam a2200157Ia 4500 | ||
|---|---|---|---|
| 008 | 210210b1920 xxu||||| |||| 00| 0 eng d | ||
| 041 | _aeng | ||
| 082 | _a828/557 | ||
| 100 | _aSASOON (S) | ||
| 245 | _aSiegfrieds journey | ||
| 260 |
_aLondon _bFaber & Faber _c1920 |
||
| 650 | _aSiegfrieds | ||
| 650 | _ajourney | ||
| 690 | _aBiography | ||
| 906 | _a016401 | ||
| 999 |
_c135926 _d135926 |
||